La cooperación de las sociedades civiles de la Unión Europea con América Latina / (Record no. 13515)

MARC details
000 -LEADER
campo de control de longitud fija 00764nam a2200217 i 4500
001 - NÚMERO DE CONTROL
campo de control 13515
003 - IDENTIFICADOR DE NÚMERO DE CONTROL
campo de control ES-MaACL
005 - FECHA Y HORA DE LA ÚLTIMA TRANSACCIÓN
campo de control 20250728053609.0
007 - CAMPO FIJO DE DESCRIPCIÓN FÍSICA--INFORMACIÓN GENERAL
campo de control de longitud fija t|
008 - DATOS DE LONGITUD FIJA--INFORMACIÓN GENERAL
campo de control de longitud fija 980427s1998 sp ||||1| spa d
020 ## - NÚMERO INTERNACIONAL ESTÁNDAR DEL LIBRO
Número Internacional Estándar del Libro 84-922274-1-9
080 ## - NÚMERO DE LA CLASIFICACIÓN DECIMAL UNIVERSAL
Número de la Clasificación Decimal Universal 339.96(4-672 UE:8=134)
245 03 - MENCIÓN DEL TÍTULO
Título La cooperación de las sociedades civiles de la Unión Europea con América Latina /
Mención de responsabilidad, etc. Christian Freres, coordinador.
260 ## - PUBLICACIÓN, DISTRIBUCIÓN, ETC.
Lugar de publicación, distribución, etc. Madrid :
Nombre del editor, distribuidor, etc. AIETI,
Fecha de publicación, distribución, etc. 1997.
300 ## - DESCRIPCIÓN FÍSICA
Extensión 235 p. :
Otras características físicas graf. ;
Dimensiones 24 cm.
650 14 - PUNTO DE ACCESO ADICIONAL DE MATERIA--TÉRMINO DE MATERIA
Término de materia o nombre geográfico como elemento de entrada Ayuda económica europea-
Subdivisión geográfica América Latina
9 (RLIN) 10461
700 1# - ENTRADA AGREGADA--NOMBRE PERSONAL
Nombre de persona Freres, Christian.
9 (RLIN) 52523
710 2# - ENTRADA AGREGADA--NOMBRE DE ENTIDAD CORPORATIVA
Nombre de entidad corporativa o nombre de jurisdicción como elemento de entrada Asociación de Investigación y Especialización sobre Temas Iberoamericanos.
9 (RLIN) 1604
852 ## - LOCALIZACIÓN
Ubicación ES-MaACL
Número de control de estantería L-20868
Sublocalización o colección R.126452
Holdings
Estatus retirado Estado de pérdida Estado de daño No para préstamo Biblioteca de origen Biblioteca actual Ubicación en estantería Fecha de adquisición Fuente de adquisición Total de préstamos Signatura topográfica completa Código de barras Visto por última vez Precio de reemplazo Tipo de ítem Koha
        Biblioteca del Ateneo de Madrid Biblioteca del Ateneo de Madrid Depósito 2 17/01/2008     L-20868 1013758 23/02/2023 23/02/2023 Libro impreso